书目信息 |
| 题名: |
透明质酸
|
|
| 作者: | 凌沛学 主编 | |
| 分册: | ||
| 出版信息: | 北京 中国轻工业出版社 2000 |
|
| 页数: | 266 | |
| 开本: | 26cm | |
| 丛书名: | ||
| 单 册: | ||
| 中图分类: | Q556 | |
| 科图分类: | ||
| 主题词: | 酶 | |
| 电子资源: | ||
| ISBN: | 7-5019-2902-5 | |
| 000 | 00501nam0 2200181 450 | |
| 001 | 0754114953 | |
| 005 | 20070929150154.95 | |
| 010 | @a7-5019-2902-5@b精装 | |
| 100 | @a20070929d km y0chiy0120 ea | |
| 101 | 0 | @achi |
| 200 | 1 | @a透明质酸@Atou ming zhi suan@f凌沛学 主编@Fling pei xue zhu bian |
| 210 | @a北京@c中国轻工业出版社@d2000 | |
| 215 | @a266@c插图@d26cm | |
| 606 | 0 | @a酶 |
| 690 | @aQ556@v3 | |
| 701 | 0 | @a凌沛学@Aling pei xue@4主编 |
| 801 | 0 | @aCN@bPFT@c20070929 |
| 905 | @a213230@dQ556@eh9@f1 | |
| 透明质酸/凌沛学 主编.-北京:中国轻工业出版社,2000 |
| 266:插图;26cm |
| ISBN 7-5019-2902-5(精装): |
| ● |
| 相关链接 |
|
|
|
|
正题名:透明质酸
索取号:Q556/h9
 
预约/预借
| 序号 | 登录号 | 条形码 | 馆藏地/架位号 | 状态 | 备注 |
| 1 | 6001173 | 260011739 | 密集书库-化学系/ [索取号:Q556/h9] | 在馆 |